| 000 | 00882nam a2200229 a 4500 | ||
|---|---|---|---|
| 001 | 22941 | ||
| 003 | CO-ViMGA | ||
| 008 | 141112s2004 ck r 000 u spa d | ||
| 020 | _a9706764690 | ||
| 040 |
_aCO-ViMGA _bspa _cCO-ViMGA |
||
| 082 | 0 | 4 | _a302.23 B414i |
| 100 | 1 |
_aBiagi, Shirley _932965 |
|
| 245 | 1 | 0 |
_aImpacto de los medios : _bIntroducciòn a los medios masivos de comunicaciòn |
| 260 |
_aMéxico : _bThomson |
||
| 300 | _a408p. | ||
| 505 | _aLos medios de comunicacion, Libros, Los periodicos, Radio, Television, Publicidad, Relaciones Publicas, Noticias e informacion, Ley y regulacion, Medios internacionales | ||
| 650 | 1 | 4 |
_aMEDIOS DE COMUNICACION DE MASAS - ASPECTOS SOCIALES _915004 |
| 650 | 1 | 4 |
_aMEDIOS MACIVOS DE COMUNICACION _932966 |
| 650 | 1 | 4 |
_aPERIIODISTA - ética PROFESIONAL _932967 |
| 650 | 1 | 4 |
_aTECNOLOGIA DE LA INFORMACION _912744 |
| 942 |
_2ddc _cBK |
||
| 999 |
_c31231 _d31231 |
||